| 000 | 00000nam 2200000za 4500 |
| 001 | 9.839276 |
| 003 | CaOODSP |
| 005 | 20250206125413 |
| 007 | cr ||||||||||| |
| 008 | 170706s2017 onco o f|f0|0 | fre d |
| 020 | |z978-0-660-08371-1 |
| 040 | |aCaOODSP|bfre |
| 043 | |an-cn--- |
| 086 | 1 |aA104-97/2017F-PDF |
| 086 | 1 |zA104-97/2017 |
| 245 | 00|aGuide des plantes envahissantes |h[ressource électronique]. |
| 260 | |a[Ottawa] : |bAgence canadienne d'inspection des aliments, |cc2017. |
| 300 | |a[44] p. : |bphotos. |
| 500 | |aTitre de la couv. |
| 500 | |aPubl. aussi en anglais sous le titre : Invasive plants field guide. |
| 504 | |aComprend des références bibliographiques. |
| 692 | 07|2gccst|aPlante |
| 710 | 2 |aAgence canadienne d'inspection des aliments. |
| 775 | 08|tInvasive plants field guide |w(CaOODSP)9.839275 |
| 856 | 40|qPDF|s2.23 Mo|uhttps://publications.gc.ca/collections/collection_2017/acia-cfia/A104-97-2017-fra.pdf |
| 986 | |aCFIA P0930-17 |